| LEADER | 00591cam a2200157 7i4500 | ||
|---|---|---|---|
| 001 | 0000021051 | ||
| 005 | 20080404090000.0 | ||
| 020 | 0 | 0 | |a 978-7-80180-823-3 |
| 090 | 0 | 0 | |a T 382.7 |b CUS[CHIN] |
| 245 | 2 | 0 | |a Customs import and export tariff of the people's Republic of China 2008 : |b decade coding of HS,detailed customs duties levied on commision basis. |
| 260 | 0 | 0 | |a [S.l]: |b Economic Daily Press, |c 2008. |
| 300 | # | # | |a 1263 p. |
| 650 | 0 | 0 | |a Tariff -- |z China |
| 651 | 0 | 0 | |a China |
| 999 | |a 0000021985 |b Book |c Tariffs |e Business Information Centre | ||
| 999 | |a 0000021877 |b Book |c Tariffs |e Business Information Centre | ||


